Tội vô ý làm lộ bí mật công tác quân sự, tội làm mất tài liệu bí mật công tác quân sự /
Na minha lista:
| Autor principal: | |
|---|---|
| Formato: | Atigo |
| Idioma: | Vietnamese |
| Assuntos: | |
| Tags: |
Adicionar Tag
Sem tags, seja o primeiro a adicionar uma tag!
|
| Thư viện lưu trữ: | Thư viện Trường Đại học Đà Lạt |
|---|
| LEADER | 00827nam a2200277 4500 | ||
|---|---|---|---|
| 001 | DLU160177876 | ||
| 005 | ##20161128 | ||
| 040 | # | # | |a DLU |b vie |
| 041 | # | # | |a vie |
| 044 | # | # | |a vn |
| 100 | # | # | |a Mai Bộ. |
| 245 | # | # | |a Tội vô ý làm lộ bí mật công tác quân sự, tội làm mất tài liệu bí mật công tác quân sự / |c Mai Bộ. |
| 653 | # | # | |a Công tác quân sự |
| 653 | # | # | |a Lộ bí mật |
| 653 | # | # | |a Tài liệu |
| 653 | # | # | |a Tội vô ý |
| 773 | # | # | |t Tạp chí Tòa án nhân dân |g Số6, 2009, tr. 33-34 |
| 920 | # | # | |a Phòng Tạp chí -- Trung tâm Thông tin - Thư viện Trường Đại học Đà Lạt |
| 994 | # | # | |a DLU |
| 900 | # | # | |a True |
| 911 | # | # | |a Nguyễn Thị Mai Anh |
| 925 | # | # | |a G |
| 926 | # | # | |a A |
| 927 | # | # | |a BB |
| 980 | # | # | |a Thư viện Trường Đại học Đà Lạt |